Most Common Verbs in Russian language - Statistics

General Stats
  • This quiz has been taken 126 times
  • The average score is 24 of 50
Answer Stats
Hint Answer % Correct
to know знать
88%
to be быть
87%
to say, speak говорить
86%
to eat есть
83%
to think думать
82%
to say, tell сказать
81%
to live жить
78%
to understand понимать
76%
to love любить
76%
to go идти
74%
to see видеть
73%
to write писать
68%
to do, make делать
67%
to want, like хотеть
65%
to look, watch смотреть
65%
to work работать
65%
to become стать
62%
to sit сидеть
58%
be able мочь
56%
to give дать
55%
to go, walk ходить
55%
to ask спросить
50%
to wait ждать
50%
to have, own иметь
49%
to stand стоять
46%
to take взять
45%
to remember помнить
41%
to understand,realize понять
38%
to answer, reply ответить
36%
to mean, signify значить
36%
to find, discover найти
36%
to give, let, allow давать
35%
to decide, solve решить
35%
to count, consider считать
31%
to do, finish сделать
29%
to know, learn, recognize узнать
29%
to receive, get, obtain получить
27%
to think подумать
26%
to return вернуться
26%
to see увидеть
24%
to come, arrive прийти
24%
to remain, stay остаться
22%
to go out выйти
22%
to lie, be situated лежать
22%
to go пойти
21%
to seem, appear казаться
19%
to take a looke, inspect посмотреть
18%
to notice, observe заметить
18%
turn out оказаться
13%
be, visit, happen бывать
12%
No matching quizzes found
Score Distribution
Percent of People with Each Score
Percentile by Number Answered
Your Score History
You have not taken this quiz